000 00710nam a2200205 i 4500
001 28228
003 ES-MaACL
005 20230906153811.0
007 t|
008 030116s1947 sp ||||1| spa d
100 1 _aBalderston, John L.
_924884
245 1 3 _aLa plaza de Berkeley /
_cpor John L. Balderston ; traducción del inglés por Juan B. Cuyás y Boira, Arturo Fernández y Ferrán y Conrado Moner Casas.
250 _a1ª ed.
260 _aBarcelona :
_bJosé Janés,
_c[1947.
300 _a176 p. :
_bil. ;
_c18 cm.
700 1 _aCuyás y Boira, Juan B.
_942306
700 1 _aFernández y Ferrán, Arturo.
_950179
700 1 _aMoner Casas, Conrado.
_982168
852 _aES-MaACL
_jD-7362
_bR.27362
999 _c28228
_d28228